Processing of concentrated latex with free TMTD and ZnO (Record no. 65782)

MARC details
000 -LEADER
fixed length control field 00640nam a2200145Ia 4500
100 ## - MAIN ENTRY--AUTHOR NAME
Personal name Tassnankul P
245 #0 - TITLE STATEMENT
Title Processing of concentrated latex with free TMTD and ZnO
260 ## - PUBLICATION, DISTRIBUTION, ETC. (IMPRINT)
Name of publisher Sustainability of the NR Industry: Issues, Challenges & Opportunities: International Rubber Conference, 21-22 November 2016, Cambodian Rubber Research Institute (CRRI) and International Rubber Research and Development Board (IRRDB), Siem Reap, Cambodia, pp.529-532.
650 ## - SUBJECT ADDED ENTRY--TOPICAL TERM
Topical Term Carcinogenic nitrosamine
650 ## - SUBJECT ADDED ENTRY--TOPICAL TERM
Topical Term Concentrated latex
650 ## - SUBJECT ADDED ENTRY--TOPICAL TERM
Topical Term Preservative
650 ## - SUBJECT ADDED ENTRY--TOPICAL TERM
Topical Term TMTD/ZnO
942 ## - ADDED ENTRY ELEMENTS (KOHA)
Koha item type Journals
Holdings
Withdrawn status Lost status Damaged status Not for loan Home library Current library Shelving location Date acquired Koha item type
      Journals RRII Library RRII Library Rubber technology 01/01/2021 Journals